000 00814nam2a22002291 4500
001 v19\rc\1234752
005 20250617230918.0
035 _a(NLR Aleph) 004394456
090 _a3796061
_c3796061
100 _a20060306d1883 |||y0rusy50 ca
101 0 _arus
102 _aRU
105 _ay z |||||
200 0 _a1882
210 _d[1883]
_aБ. м.
461 0 _1001v19\rc\1234751
_12001#$aТруды Общества св. Стефана Пермского$v1882$90
_93796053
_aОбщество св. Стефана Великопермского (Пермь)
_cПермь
_d[1883]
_tТруды Общества св. Стефана Пермского
_v1882$90
801 0 _aRU
_bNLR
_gpsbo
801 1 _aRU
_bProSoft-M
_2rusmarc
852 _aNLR
_j18.159.1.302
852 _aNLR
_j63-6/2282
942 _cBOOK
980 _aNB